000 00412cam a22001337a 4500
008 180718b1980 xxu||||| |||| 00| 0 eng d
082 _aL2x5441 G949
100 _aGujarat. Taxation Enquiry Commission
245 _aReport of the Gujarat Taxation Enquiry Commission, 1980
260 _aAhmedabad
_bThe author
_c1980
300 _a373+p.
500 _aChairman: R.J. Chelliah
700 _aChelliah, R.J. (Chairman)
999 _c489368
_d489368